04160nam a22004817u 4500001001000000003000400010005001700014008004100031040000800072041000800080084002400088100001900112245013300131260008600264300004500350490004900395520275200444650001703196650001303213650002103226650001103247650001503258650001503273650001203288650001903300650002203319650003003341650001203371650001103383650002003394650001103414650001103425650001403436650001403450650002303464650002003487650002903507651001203536651001203548700002103560830006203581856003503643pwiiw5486OSt20260516120049.0201214t2020 au ||||| |||||||| ||ger d cOSt ager aR10aR20aR502jelc1 aHolzner, Mario10aDie Qualität der Daseinsvorsorge in Österreichs Städten und deren Auswirkungen auf die Lebensumstände im Europavergleich aWien :bWiener Institut für Internationale Wirtschaftsvergleiche (wiiw),c2020. a54 S., b4 Tables and 48 Figures,c30cm.1 awiiw Research Reports in German Languagev18 aThis publication is available in German language only. For a brief English summary see further below. Die Studie liefert eine evidenzbasierte Analyse der Qualität der Daseinsvorsorge und ihrer Auswirkungen auf die Lebensumstände in Österreichs Städten. Dabei umfasst sie folgende Bereiche: a) Ausbildung und Erziehung, b) Gesundheit, c) Wohnen, d) öffentlicher Verkehr, e) die Ausgabenstruktur der Haushalte und f) die persönliche Einschätzung der Lebensumstände durch die Einwohner repräsentativer Städte. Diese Bereiche werden entweder im europäischen Vergleich oder im Vergleich zu Bayern dargestellt. Die Ergebnisse zeigen, dass Österreichs Städte im europäischen Vergleich attraktive Orte sind zu leben und arbeiten. Sie bieten hochwertige Jobs und wichtige Leistungen der Daseinsvorsorge in den Bereichen Bildung, Gesundheit, Wohnen und öffentlicher Verkehr - auch für ihre Umlandgemeinden - an. Dadurch genießen die BewohnerInnen der österreichischen Städte im EU-Vergleich einen sehr hohen Lebensstandard und ein hohes Niveau an Lebensqualität. Ihre Kosten für Wasser, Energie und insbesondere Wohnen sind im Vergleich zu den Gesamtausgaben gering und damit bleiben deutlich mehr Mittel für Freizeit und Kultur übrig. Zum Vergleich, die Freizeit- und Kulturausgaben der BewohnerInnen Österreichs Städte sind, hinter Schweden, die zweithöchsten in der EU. English Summary The quality of services of general interest in Austria's cities and their impact on living conditions in a European comparison The study provides an evidence-based analysis of the quality of services of general interest and their impact on living conditions in Austrian cities. It covers the following areas: a) education and upbringing, b) health, c) housing, d) public transport, e) the expenditure structure of households and f) the personal assessment of living conditions by the inhabitants of representative cities. These areas are presented either in European comparison or in comparison to Bavaria. The results show that Austria's cities are attractive places to live and work. They offer high-quality jobs and important services of general interest in the areas of education, health, housing and public transport - also for their surrounding communities. As a result, the inhabitants of Austrian cities enjoy a very high standard of living and a high level of quality of life compared to other EU countries. Their costs for water, energy and especially housing are low compared to their total expenditure, leaving significantly more funds for leisure and culture. For comparison, the leisure and cultural expenditure of the inhabitants of Austrian cities is the second highest in the EU, behind Sweden.  aÖsterreich aStädte aLebensqualität aWohnen aGesundheit aAusbildung aVerkehr aLebensstandard aWohlfahrtssysteme ainternationaler Vergleich aAustria acities aquality of life aliving ahealth aeducation atransport astandard of living awelfare systems ainternational comparison aAustria aGermany1 aRömisch, Roman 0v18wWIIW0000108twiiw Research Reports in German Language40uhttps://wiiw.ac.at/p-5486.html